Catálogo público

Memoria : (Record no. 201274)

MARC details
000 -CABECERA
campo de control de longitud fija 01001nam a2200265Ia 4500
001 - NÚMERO DE CONTROL
campo de control Para_2798
003 - IDENTIFICADOR DEL NÚMERO DE CONTROL
campo de control CHAP
008 - DATOS DE LONGITUD FIJA--INFORMACIÓN GENERAL
campo de control de longitud fija 220125s1986 xx 000 0 und d
010 ## - NÚMERO DE CONTROL DE LA BIBLIOTECA DEL CONGRESO
Número de control de LC 201274
040 ## - FUENTE DE LA CATALOGACIÓN
Centro/agencia transcriptor CHAP
082 ## - NÚMERO DE LA CLASIFICACIÓN DECIMAL DEWEY
Número de clasificación PA 630.71 S45 1986
111 ## - ENTRADA PRINCIPAL--NOMBRE DE CONGRESO/REUNIÓN
Nombre de congreso/reunión o jurisdicción como elemento de entrada Seminario del Sistema de Centros Regionales Universitarios (2: 1986: Chapingo, Méx.)
9 (RLIN) 104100
245 ## - MENCIÓN DE TÍTULO
Título Memoria :
Resto del título análisis regional de la agricultura II /
Mención de responsabilidad, etc. por UACh. Subdirección de Centros Regionales
260 ## - PUBLICACIÓN, DISTRIBUCIÓN, ETC.
Lugar de publicación, distribución, etc. Chapingo, Méx. :
Nombre del editor, distribuidor, etc. La Subdirección
300 ## - DESCRIPCIÓN FÍSICA
Extensión 2 v.
650 ## - PUNTO DE ACCESO ADICIONAL DE MATERIA--TÉRMINO DE MATERIA
Término de materia o nombre geográfico como elemento de entrada Educación agrícola
Subdivisión general Congresos Agricultura
-- Investigación
-- Congresos México
-- Educación agrícola México
-- Agricultura Planeación regional
-- México.
9 (RLIN) 166166
710 ## - PUNTO DE ACCESO ADICIONAL--NOMBRE DE ENTIDAD CORPORATIVA
Nombre de entidad corporativa o nombre de jurisdicción como elemento de entrada UACh. Subdireción de Centros Regionales
9 (RLIN) 166167
901 ## - ELEMENTOS DE DATOS A LOCAL LDA (RLIN)
a PA 630.71 S45 1986
902 ## - ELEMENTOS DE DATOS B LOCAL, LDB (RLIN)
a A
905 ## - ELEMENTOS DE DATOS E LOCAL, LDE (RLIN)
a 0000001986 CHA 0000000000 00
910 ## - DATOS DE OPCIÓN DEL USUARIO (OCLC)
Datos de opción del usuario 1986
942 ## - ELEMENTOS DE PUNTO DE ACCESO ADICIONAL (KOHA)
Tipo de ítem Koha Parasitologia_
942 ## - ELEMENTOS DE PUNTO DE ACCESO ADICIONAL (KOHA)
Tipo de ítem Koha Parasitologia_
-- 1
Holdings
Estado de retiro Estado de pérdida Fuente del sistema de clasificación o colocación Estado dañado Restricciones de uso No para préstamo Código de colección Localización permanente Ubicación/localización actual Fecha de adquisición Número de inventario Total de préstamos Signatura topográfica completa Código de barras Fecha visto por última vez Número de copia Precio válido a partir de Tipo de ítem Koha Nota pública
    Dewey Decimal Classification   Préstamo 3 días   General Parasitologia Agricola Parasitologia Agricola 27/10/2005 (PA_387) (No. UACh C/E)   PA 630.71 S45 1986 4102001390 25/01/2022 V.2 Ej.2 25/01/2022 Libro 3
    Dewey Decimal Classification   Préstamo 3 días   General Parasitologia Agricola Parasitologia Agricola 27/10/2005 (PA_325) (No. UACh C/E)   PA 630.71 S45 1986 4102001387 25/01/2022 V.1 Ej.1 25/01/2022 Libro 3
    Dewey Decimal Classification   Préstamo 3 días   General Parasitologia Agricola Parasitologia Agricola 27/10/2005 (PA_386) (No. UACh C/E)   PA 630.71 S45 1986 4102001389 25/01/2022 V.1 Ej.2 25/01/2022 Libro 3
    Dewey Decimal Classification   Préstamo 3 días   General Parasitologia Agricola Parasitologia Agricola 27/10/2005 (PA_326) (No. UACh C/E)   PA 630.71 S45 1986 4102001388 25/01/2022 V.2 Ej.1 25/01/2022 Libro 3